Rôznorodosť potrieb v procese digitálnej marketingovej stratégie
Diverzifikácia marketingových aktivít do internetového prostredia. Tri základné subjekty, ktoré stoja pri vývoji, implementácii a vyhodnocovaní marketingových aktivít. Identifikácia rôznorodosti potrieb digitálnych marketingových subjektov v procese digitálnej marketingovej stratégie. Proces aplikác...
Saved in:
| Main Author: | |
|---|---|
| Format: | Book Chapter |
| Language: | Slovak |
| Subjects: | |
| Tags: |
No Tags, Be the first to tag this record!
|
MARC
| LEADER | 00000naa$a2200000$$$4500 | ||
|---|---|---|---|
| 001 | 0251414 | ||
| 005 | 20240502074031.6 | ||
| 041 | 0 | |a slo | |
| 044 | |a SK | ||
| 245 | 1 | 0 | |a Rôznorodosť potrieb v procese digitálnej marketingovej stratégie |c Martin Kuchta |
| 520 | |a Diverzifikácia marketingových aktivít do internetového prostredia. Tri základné subjekty, ktoré stoja pri vývoji, implementácii a vyhodnocovaní marketingových aktivít. Identifikácia rôznorodosti potrieb digitálnych marketingových subjektov v procese digitálnej marketingovej stratégie. Proces aplikácie marketingovej stratégie v digitálnom prostredí. Potreby jednotlivých subjektov digitálneho marketingu. | ||
| 610 | 2 | 0 | |a marketing |
| 610 | 2 | 0 | |a stratégia marketingová |
| 610 | 2 | 0 | |a digitalizácia |
| 610 | 2 | 0 | |a internet |
| 610 | 2 | 0 | |a kampane reklamné |
| 610 | 2 | 0 | |a agentúry |
| 610 | 2 | 0 | |a médiá |
| 610 | 2 | 0 | |a značky |
| 100 | 1 | |a Kuchta, Martin, 1990- | |